| 000 | 00362nam a22001457a 4500 | ||
|---|---|---|---|
| 020 | _a978-0-07-061713-1 | ||
| 082 |
_a004 _bBAL/P |
||
| 100 | _aBALAGURUSAMY, E | ||
| 245 |
_aPROGRAMMING WITH JAVA _bA PRIMER |
||
| 250 | _aTWELFTH REPRINT | ||
| 260 |
_aDELHI _bTATA McGRAW HILL _c2009 |
||
| 300 | _a490 | ||
| 650 |
_aCOMPUTER SCIENCE REFERENCE _zINDIA |
||
| 942 | _cBK | ||
| 999 |
_c1667 _d1667 |
||